• 首页
  • 本馆介绍
  • 公告通知
  • 最新文献
  • 馆藏检索
  • 电子资源
  • 读者导购
  • 参考咨询
  • 我的图书馆
  • 登录
  • 详细信息显示
  • 放入我的书架
  • 预约/预借图书
  • 作者相关作品
  • 分类相关作品
  • 丛书相关作品
  • 出版社相关作品

书目信息

  • 表格格式
  • 工作单格式
  • 卡片格式
题名:
轨迹
    
 
作者: 杨学渊 编
分册:  
出版信息: 南京   江苏人民出版社  1979
页数: 204页
开本: 19cm
丛书名: 数学基础知识丛书
单 册:
中图分类: O182.1
科图分类:
主题词: 初等几何-轨迹--基本知识 , 轨迹-初等几何--基本知识 , 几何 , 拓扑
电子资源:
ISBN:
000 00705nam2 2200277 45
001 0179002404
005 20060725173522.25
010    @dCNY0.47
091    @aCN@b13100.034
100    @a19950814d1979 em y0chiy0121 ea
101 0  @achi
102    @aCN@b320000
105    @ay z 000yy
200 10 @a轨迹@Agui ji@f杨学渊编
210    @a南京@c江苏人民出版社@d1979
215    @a204页@d19cm
225 2  @a数学基础知识丛书
410  0 @120010@a数学基础知识丛书
606    @a初等几何-轨迹@x基本知识
606    @a轨迹-初等几何@x基本知识
606 0  @a几何
606 0  @a拓扑
690    @aO182.1@v3
701  0 @a杨学渊@Ayang xue yuan@4编
801  0 @aCN@bTSSF@c20060725
905    @a10447@dO182.1@e48
    
    轨迹/杨学渊编.-南京:江苏人民出版社,1979
    204页;19cm.-(数学基础知识丛书)
    
    
    ISBN :CNY0.47
    
●
相关链接 在E读中查询图书 在五车中查询图书 在当当中查询图书 在豆瓣中查询图书


正题名:轨迹     索取号:O182.1/48         预约/预借

序号 登录号 条形码 馆藏地/架位号 状态 备注
1 0431714   204317140   密集书库/ [索取号:O182.1/48] 在馆    
2 0431715   204317159   密集书库/ [索取号:O182.1/48] 在馆    
唐山师范学院图书馆 欢迎您!
大连网信软件有限公司© 版权所有